<?xml version="1.0" encoding="UTF-8"?>
<collection xmlns="http://www.loc.gov/MARC21/slim">
 <record>
  <leader>     na                 </leader>
  <controlfield tag="001">INLIS000000000002871</controlfield>
  <controlfield tag="005">20260303072707</controlfield>
  <controlfield tag="035">$a 0010-0326000003</controlfield>
  <controlfield tag="245">$a Bulu Matamu: Padang Ilalang /$c Joko Pinurbo</controlfield>
  <controlfield tag="100">$a Joko Pinurbo</controlfield>
  <controlfield tag="300">$a 61 hlm ; $c 14 x 20 cm</controlfield>
  <controlfield tag="260">$a Yogyakarta :$b Diva Press,$c 2019</controlfield>
  <controlfield tag="082">$a 800</controlfield>
  <controlfield tag="084">$a 800 JOK b</controlfield>
  <controlfield tag="020">$a 978-602-391-791-4</controlfield>
  <controlfield tag="990">$a 116/2026 c.2</controlfield>
  <controlfield tag="990">$a 115/2026 c.1</controlfield>
 </record>
</collection>
